000 00918nam a22003137a 4500
003 CHAP
005 20220329134306.0
008 971013s1975 r 00010 d
010 _a18245
011 _a19217
035 _a23302
040 _cCHAP
082 _a519.3
_bB5
100 0 0 _aBlyth, T. S.
_913242
245 _aSet theory and abstract algebra
260 _aLondon :
_bLongman,
_c1975
300 _a222 p.
490 _aLongman mathematical texts
590 _aBATCH-UPD
_b10
_c20130110
_lUCH01
_h1551
590 _aBATCH-UPD
_b10
_c20130410
_lUCH01
_h0949
590 _aBATCH-UPD
_b10
_c20130914
_lUCH01
_h0726
590 _aCONVERSION
_b10
_c20130109
_lUCH01
_h1311
650 1 4 _aÁlgebra.
_982391
650 1 4 _aJuegos, teoría de los.
_962279
830 0 _aLongman mathematical texts
_967590
901 _aBK
942 _cLIBRO
949 _a519.3 B5
_bBC
_cLIBRO
_d33724000126595
_eLIBRO
_h46583
_i23302
_si
999 _c18245
_d18245